<?xml version="1.0" encoding="UTF-8"?>
<record
    xmlns:xsi="http://www.w3.org/2001/XMLSchema-instance"
    xsi:schemaLocation="http://www.loc.gov/MARC21/slim http://www.loc.gov/standards/marcxml/schema/MARC21slim.xsd"
    xmlns="http://www.loc.gov/MARC21/slim">

  <leader>02585nam a22003017a 4500</leader>
  <controlfield tag="003">DO-SdBPM</controlfield>
  <controlfield tag="005">20260123132035.0</controlfield>
  <controlfield tag="007">ta</controlfield>
  <controlfield tag="008">210512b 2017 dr      00| 0 eng d</controlfield>
  <datafield tag="020" ind1=" " ind2=" ">
    <subfield code="a">9789945462937 </subfield>
  </datafield>
  <datafield tag="040" ind1=" " ind2=" ">
    <subfield code="a">DO-SdBPM</subfield>
    <subfield code="b">spa</subfield>
    <subfield code="c">BPMSU</subfield>
    <subfield code="d">rda</subfield>
  </datafield>
  <datafield tag="082" ind1=" " ind2="4">
    <subfield code="a">972.93054</subfield>
    <subfield code="b">A532t 2017</subfield>
    <subfield code="2">22</subfield>
  </datafield>
  <datafield tag="245" ind1="0" ind2="0">
    <subfield code="a">An&#xE1;lisis y testimonios sobre la Gesta Patri&#xF3;tica de 1965 /</subfield>
    <subfield code="c">cuidado de edici&#xF3;n,  Luis Fern&#xE1;ndez</subfield>
  </datafield>
  <datafield tag="264" ind1=" " ind2=" ">
    <subfield code="a">Santo Domingo :</subfield>
    <subfield code="b">Comisi&#xF3;n Permanente de Efem&#xE9;rides Patrias,</subfield>
    <subfield code="c">2017.</subfield>
  </datafield>
  <datafield tag="300" ind1=" " ind2=" ">
    <subfield code="a">2 volumenes :</subfield>
    <subfield code="b">ilustraci&#xF3;n,retrato.;</subfield>
    <subfield code="c">23 cm. </subfield>
  </datafield>
  <datafield tag="336" ind1=" " ind2=" ">
    <subfield code="a">texto</subfield>
    <subfield code="b">txt</subfield>
    <subfield code="2">rdacontent</subfield>
  </datafield>
  <datafield tag="337" ind1=" " ind2=" ">
    <subfield code="a">sin mediaci&#xF3;n</subfield>
    <subfield code="b">n</subfield>
    <subfield code="2">rdamedia</subfield>
  </datafield>
  <datafield tag="338" ind1=" " ind2=" ">
    <subfield code="a">volumen</subfield>
    <subfield code="b">nc</subfield>
    <subfield code="2">rdacarrier</subfield>
  </datafield>
  <datafield tag="490" ind1="0" ind2=" ">
    <subfield code="a">50 Aniversario de la Gesta Patri&#xF3;tica de Abril 1965 ;</subfield>
    <subfield code="v">16 /17</subfield>
  </datafield>
  <datafield tag="500" ind1=" " ind2=" ">
    <subfield code="a">Incluye referencias bibliogr&#xE1;ficas y notas al pie de las p&#xE1;ginas </subfield>
  </datafield>
  <datafield tag="505" ind1="0" ind2=" ">
    <subfield code="g">v.1</subfield>
    <subfield code="t">Bosch relata la historia secreta del golpe de 1963 --</subfield>
    <subfield code="t">El misterio del golpe de 1963 /</subfield>
    <subfield code="r">V&#xED;ctor Grimaldi --</subfield>
    <subfield code="t">Abril: an&#xE1;lisis y testimonio </subfield>
    <subfield code="t">La revoluci&#xF3;n de abril /</subfield>
    <subfield code="r">Jos&#xE9; Espaillat --</subfield>
    <subfield code="t">Testimonio de la guerra de abril /</subfield>
    <subfield code="r">Rafael Fafa Taveras --</subfield>
    <subfield code="t">La guerra de abril como acontecimiento social, pol&#xED;tico y econ&#xF3;mico /</subfield>
    <subfield code="r">Roberto Cass&#xE1; --</subfield>
    <subfield code="t">Or&#xED;genes y proyecciones de la revoluci&#xF3;n de abril /</subfield>
    <subfield code="r">Roberto Cass&#xE1; --</subfield>
    <subfield code="t">Abril, la liberaci&#xF3;n ef&#xED;mera /</subfield>
    <subfield code="r">Rafael Fafa Taveras --</subfield>
    <subfield code="t">Hitos de la revoluci&#xF3;n /</subfield>
    <subfield code="r">Jos&#xE9; Francisco Pe&#xF1;a G&#xF3;mez --</subfield>
    <subfield code="t">Fern&#xE1;ndez Dom&#xED;nguez y Caama&#xF1;o De&#xF1;&#xF3;: el pensamiento de los militares dominicanos constitucionalistas /</subfield>
    <subfield code="r">Franklin Franco Pichardo --</subfield>
    <subfield code="t">El arte durante la guerra de abril. Luces entre r&#xE1;fagas y bombardeos /</subfield>
    <subfield code="r">Edgar Hern&#xE1;ndez Mej&#xED;a --</subfield>
    <subfield code="t">Los autores.</subfield>
    <subfield code="g">v.2</subfield>
    <subfield code="t">Vivencias de la guerra del 24 de abril /</subfield>
    <subfield code="r">Edgar Hern&#xE1;ndez Mej&#xED;a --</subfield>
    <subfield code="t">El proceso revolucionario dominicano y sus ense&#xF1;anzas /</subfield>
    <subfield code="r">Jos&#xE9; Israel Cuello, Narciso Isa Conde --</subfield>
    <subfield code="t">La revoluci&#xF3;n dominicana y la crisis de la OEA /</subfield>
    <subfield code="r">Julio C&#xE9;sar Estrella --</subfield>
    <subfield code="t">Pueblo, sangre y canto /</subfield>
    <subfield code="r">Frente cultural --</subfield>
    <subfield code="t">Autores extranjeros </subfield>
    <subfield code="t">Fuera la bota militar de Santo Domingo /</subfield>
    <subfield code="r">V&#xED;ctor Perlo --</subfield>
    <subfield code="t">Revoluci&#xF3;n y contra-revoluci&#xF3;n en la Rep&#xFA;blica Dominicana: Por qu&#xE9; invadi&#xF3; Estados Unidos? /</subfield>
    <subfield code="r">Leo Huberman, Paul Sweezy --</subfield>
    <subfield code="t">Atrocidades de la guerra civil de 1965 (Documento de la OEA) --</subfield>
    <subfield code="t">Intervenci&#xF3;n de 1965 vista por los militares estadounidenses --</subfield>
    <subfield code="t">Los autores.</subfield>
  </datafield>
  <datafield tag="590" ind1=" " ind2=" ">
    <subfield code="a">Inventariado, 2026/VM</subfield>
  </datafield>
  <datafield tag="651" ind1=" " ind2="7">
    <subfield code="a">Rep&#xFA;blica Dominicana</subfield>
    <subfield code="x">Historia</subfield>
    <subfield code="y">Revoluci&#xF3;n, 1965</subfield>
  </datafield>
  <datafield tag="651" ind1=" " ind2="7">
    <subfield code="a">Rep&#xFA;blica Dominicana</subfield>
    <subfield code="x">Historia</subfield>
    <subfield code="y">Golpe de Estado, 1963</subfield>
  </datafield>
  <datafield tag="700" ind1="1" ind2=" ">
    <subfield code="a">Fern&#xE1;ndez, Luis,</subfield>
    <subfield code="e">edici&#xF3;n</subfield>
  </datafield>
  <datafield tag="910" ind1=" " ind2=" ">
    <subfield code="a">VMateo V. Control de calidad BPMSU </subfield>
  </datafield>
  <datafield tag="942" ind1=" " ind2=" ">
    <subfield code="2">ddc</subfield>
    <subfield code="c">BK</subfield>
  </datafield>
  <datafield tag="952" ind1=" " ind2=" ">
    <subfield code="0">0</subfield>
    <subfield code="1">0</subfield>
    <subfield code="2">ddc</subfield>
    <subfield code="7">0</subfield>
    <subfield code="8">CD</subfield>
    <subfield code="a">BPMET</subfield>
    <subfield code="b">BPMET</subfield>
    <subfield code="d">2026-01-23</subfield>
    <subfield code="l">0</subfield>
    <subfield code="o">BPMSU CD 972.93054 A532t 2017</subfield>
    <subfield code="p">BPMSU26010044</subfield>
    <subfield code="r">2026-01-23</subfield>
    <subfield code="t">v.2</subfield>
    <subfield code="w">2026-01-23</subfield>
    <subfield code="y">BK</subfield>
  </datafield>
  <datafield tag="999" ind1=" " ind2=" ">
    <subfield code="c">15627</subfield>
    <subfield code="d">15627</subfield>
  </datafield>
</record>
